000 00516nam a2200205Ia 4500
005 20250425161014.0
008 250425s9999 xx 000 0 und d
020 _a8471140837
041 _aspa
082 _a631.729
100 _aGARCIA-VAQUERO VAQUERO, EMILIO
245 0 _aEDIFICIOS INDUSTRIALES AGRARIOS: DISEÑO Y CONSTRUCCION
250 _a1A ED.
260 _aEspaña
_bMUNDI-PRENSA
_c1979
260 _aMADRID
300 _a174
650 _aEDIFICIOS AGRICOLAS
942 _c01
010 _a10399
999 _c200512
_d200512